000 00761nam a22002055i 4500
001 155360
003 ES-MaACL
005 20230906210039.0
008 961202s1876 sp |||| | spa d
040 _aEUS
_bspa
_cEUS
100 1 _aHerrán y Ureta, Joaquín de.
_9127934
245 1 3 _aLa Cuestión de Fueros
_b: ligeros apuntes en defensa de las Instituciones Vascongadas /
_cpor Joaquín Herrán y Ureta.
260 _aVitoria :
_b[s.n.],
_c1876 (
_fImprenta y Librería de los Hijos de Manteli, á cargo de Raimundo L. de Betolaza)
300 _a63 p. ;
_c21 cm.
597 1 _aSignaturizado.
597 1 _aAntep.
710 2 1 _aManteli, Hijos de,
_eimp.
_9134678
752 _aEspaña -
_dVitoria-Gasteiz
852 _aES-MaACL
_jFol-Laf-227
_z-- Rust.
999 _c155360
_d155360